000 00489nam a22001697a 4500
005 20251108165815.0
008 250721s1997 xx 000 0 ara d
082 1 4 _aط/219.9/كني
100 1 _aالكنيسي، حمدي
245 1 0 _aعاشر العشرة /
264 1 _aالقاهرة :
_bشركة سفير،
_c1997.
650 1 7 _aالصحابة
650 1 7 _aالسيرة النبوية
700 1 _aعبد القادر، ماهر
_eرسم
942 _2ddc
_cBK
999 _c31795
_d31795